Movies Quiz

Random Movies or Oscar Quiz

Oscars Through the Decades Quiz Stats

 Plays Quiz Updated Mar 5, 2018

Challenge
Share
Tweet
Embed
Score 0/54 Timer 10:00
1 Play Today
Category Winner % Correct
Best ActressNatalie Portman...
91.2%
Best ActressSissy Spacek...
90.9%
Best PictureDances with Wolves...
89.7%
Best ActorJeremy Irons...
88.9%
Best DirectorKevin Costner...
88.4%
Best Supporting ActressHelen Hayes...
88.1%
Best ActorRobert De Niro...
88%
Best ActorColin Firth...
87.5%
Best PictureGladiator...
85.6%
Best ActorGeorge C. Scott...
85.3%
Best PictureThe King's Speech...
85.2%
Best PicturePatton...
84.8%
Best ActorRussell Crowe...
84.7%
Best DirectorSteven Soderbergh...
83.9%
Best ActressJulia Roberts...
83.9%
Best ActressElizabeth Taylor...
83.5%
Best ActressJanet Gaynor...
81.4%
Best PictureWings...
80.7%
Best ActressJudy Holliday...
79.8%
Best ActorJosé Ferrer...
79.4%
Best PictureOrdinary People...
74.3%
Best ActressGlenda Jackson...
74.2%
Best ActressKathy Bates...
73.9%
Best PictureRebecca...
71.2%
Best Supporting ActorTimothy Hutton...
70.9%
Best Supporting ActorJoe Pesci...
70.9%
Best Supporting ActorBenicio del Toro...
69.6%
Category Winner % Correct
Best Supporting ActorJohn Mills...
69.5%
Best PictureThe Apartment...
68.9%
Best PictureAll About Eve...
68.7%
Best ActorJames Stewart...
66.4%
Best ActorEmil Jannings...
65.1%
Best ActressGinger Rogers...
64.2%
Best DirectorFranklin J. Schaffner...
64.1%
Best Supporting ActressMary Steenburgen...
63.4%
Best ActorBurt Lancaster...
60.6%
Best DirectorJoseph L. Mankiewicz...
60.4%
Best Supporting ActressMelissa Leo...
59.6%
Best DirectorJohn Ford...
59.5%
Best DirectorRobert Redford...
58.8%
Best DirectorBilly Wilder...
57.9%
Best Supporting ActressWhoopi Goldberg...
57%
Best DirectorFrank Borzage...
56.5%
Best Supporting ActorChristian Bale...
55.3%
Best Supporting ActressMarcia Gay Harden...
52%
Best DirectorTom Hooper...
50.5%
Best Supporting ActressShirley Jones...
45.4%
Best Supporting ActorGeorge Sanders...
43.4%
Best Supporting ActorDonald Crisp...
34.4%
Best Supporting ActorPeter Ustinov...
33.9%
Best Supporting ActressJosephine Hull...
27.6%
Best Supporting ActressJane Darwell...
25.8%
Best Supporting ActressGale Sondergaard...
25.6%
Best Supporting ActorWalter Brennan...
18.9%

You're not logged in!

Compare scores with friends on all Sporcle quizzes.
OR
Log In

You Might Also Like...

Show Comments

Extras

Top Quizzes Today


Score Distribution

Your Account Isn't Verified!

In order to create a playlist on Sporcle, you need to verify the email address you used during registration. Go to your Sporcle Settings to finish the process.

Report this User

Report this user for behavior that violates our Community Guidelines.

Details: